LIBRARY & INFORMATION CENTRE, KCAET, TAVANUR

ONLINE PUBLIC ACCESS CATALOGUE (OPAC)

Sangharsh / (Record no. 8127)

MARC details
000 -LEADER
fixed length control field 00419cam a2200181ua 4500
041 ## - LANGUAGE CODE
Language code of text/sound track or separate title hin
082 ## - DEWEY DECIMAL CLASSIFICATION NUMBER
Classification number 891.54
Item number CHE/SA
100 ## - MAIN ENTRY--AUTHOR NAME
Personal name Chekhov, Anton .
245 ## - TITLE STATEMENT
Title Sangharsh /
250 ## - EDITION STATEMENT
Edition statement 3 /
260 ## - PUBLICATION, DISTRIBUTION, ETC. (IMPRINT)
Place of publication :
Name of publisher Hind Pocket Books Pvt Ltd ,
Year of publication 1951.
300 ## - PHYSICAL DESCRIPTION
Number of Pages 152 ; .
942 ## - ADDED ENTRY ELEMENTS (KOHA)
Koha item type Books
Holdings
Withdrawn status Lost status Damaged status Home library Current library Date acquired Full call number Accession Number Koha item type
Withdrawn     KAUAET Sanskrit University 07/04/2012 891.54 1906 Books
free website counter